MARC details
| 000 -LÍDER |
| campo de controle de tamanho fixo |
02077nam a22002897a 4500 |
| 001 - NÚMERO DE CONTROLE |
| campo de controle |
279 |
| 003 - IDENTIFICADOR DO NÚMERO DE CONTROLE |
| campo de controle |
OSt |
| 005 - DATA E HORÁRIO DA ÚLTIMA TRANSAÇÃO |
| campo de controle |
20250528074016.0 |
| 008 - CAMPO DE DADOS FIXOS--INFORMAÇÃO GERAL |
| campo de controle de tamanho fixo |
250314b |||||||e |||| 00| f eng d |
| 040 ## - FONTE DA CATALOGAÇÃO |
| Idioma da catalogação |
por |
| 041 ## - CÓDIGO DE IDIOMA |
| Código do idioma do original e/ou traduções intermediárias do texto |
por |
| 082 ## - CDD - CLASSIFICAÇÃO DECIMAL DE DEWEY |
| Número de Classificação |
B869.93 |
| Número do exemplar |
A848m |
| 100 ## - ENTRADA PRINCIPAL--NOME PESSOAL |
| Nome pessoal |
Assis, Machado de / |
| Datas associadas ao nome |
1839- 1908 |
| Títulos e outras palavras associadas ao nome |
Joaquim Maria Machado de Assis |
| 245 ## - TÍTULO |
| Título |
Memórias Póstumas de Brás Cubas - |
| Restante do título |
Dom Casmurro / |
| Indicação de responsabilidade, etc. |
Assis, Machado de |
| 260 ## - PUBLICAÇÃO, DISTRIBUIÇÃO, ETC. |
| Local de publicação, distribuição, etc. |
São Paulo |
| Nome do editor, distribuidor, etc. |
Paulo |
| Data da publicação, distribuição, etc. |
Abril |
| 300 ## - DESCRIÇÃO FÍSICA |
| Extensão |
346 p. |
| 490 1# - TÍTULO DA SÉRIE |
| Título da série |
Os Imortais da Literatura Universal |
| 520 ## - NOTA DE RESUMO, ETC. |
| Resumo, etc. |
É após a morte que Brás Cubas decide narrar suas memórias. Nesta condição, nada pode suavizar seu ponto de vista irônico e mordaz sobre uma sociedade em que as instituições se baseiam na hipocrisia. O casamento, o adultério, os comportamentos individuais e sociais não escapam à sua visão aguda e implacável, nesta obra fundamental de Machado de Assis. /<br/>Machado de Assis (1839-1908), escrevendo Dom Casmurro, produziu um dos maiores livros da literatura universal. Mas criando Capitu, a espantosa menina de "olhos oblíquos e dissimulados", de "olhos de ressaca", Machado nos legou um incrível mistério, um mistério até hoje indecifrado. Há quase cem anos os estudiosos e especialistas o esmiuçam, o analisam sob todos os aspectos. Em vão. Embora o autor se tenha dado ao trabalho de distribuir pelo caminho todas as pistas para quem quisesse decifrar o enigma, ninguém ainda o desvendou. A alma de Capitu é, na verdade, um labirinto sem saída, um labirinto que Machado também já explorara em personagens como Virgília (Memórias Póstumas de Brás Cubas) e Sofia (Quincas Borba), personagens construídas a partir da ambigüidade psicológica, como Jorge Luis Borges gostaria de ter inventado. |
| 650 #0 - ASSUNTO--TERMO TÓPICO |
| Cabeçalho tópico ou nome geográfico |
Literatura Brasileira |
| 9 (RLIN) |
205 |
| 650 #0 - ASSUNTO--TERMO TÓPICO |
| Cabeçalho tópico ou nome geográfico |
Crítica social |
| 9 (RLIN) |
514 |
| 650 #0 - ASSUNTO--TERMO TÓPICO |
| Cabeçalho tópico ou nome geográfico |
Romance Psicológico |
| 9 (RLIN) |
509 |
| 650 #0 - ASSUNTO--TERMO TÓPICO |
| Cabeçalho tópico ou nome geográfico |
Adultério e ciúme |
| 9 (RLIN) |
515 |
| 655 #0 - TERMO DE ÍNDICE--GÊNERO E FORMA |
| Gênero/forma/ou termo foco |
Romance |
| 655 #0 - TERMO DE ÍNDICE--GÊNERO E FORMA |
| Gênero/forma/ou termo foco |
Ficção |
| 830 ## - ENTRADA SECUNDÁRIA DE SÉRIE--TÍTULO UNIFORME |
| Título uniforme |
Os Imortais da Literatura Universal |
| 9 (RLIN) |
461 |
| Número do volume ou designação sequencial da série |
vol. 16 |
| 942 ## - ELEMENTOS DE ENTRADA ADICIONADOS (KOHA) |
| Fonte de classificação ou esquema de arquivamento |
Classificação decimal de Dewey |
| Ocultar no OPAC |
Não |
| Tipo de material Koha |
Livros |